| 000 | 00498nam a2200145 a 4500 | ||
|---|---|---|---|
| 005 | 20140412111426.0 | ||
| 008 | 090626s19uu xx 00 eng d | ||
| 020 | _a0-439-15587-8 | ||
| 050 |
_aTR(GS 372.41 _bF62 2005 |
||
| 100 | _aFleming, Maria | ||
| 245 |
_aMini book of the week : _b40 easy to read mini books on fiction and non fiction topics for every week of the school year / _cMaria Fleming. |
||
| 260 |
_a0-439-05921-6 : _bScholastic, _c2005. |
||
| 500 | _aGrades K - 2 | ||
| 999 |
_c106228 _d106228 |
||